000 02111cam a2200565 a 4500
001 22359
003 VRT
005 20260326153243.0
008 240318s2016 xo o g f 001 0 slo
015 _aSNBA2017/01
020 _a9788080972356
_q(viaz.)
035 _aurn:nbn:sk:snk-am00dzfn
035 _aurn:nbn:sk:snk-am3i9rm
035 _a24DD2962-D19C-43F4-A862-EF2F4A8F584E
039 9 _a202403182203
_bVLOAD
_c202108210751
_dAUTHORITY
_c202108210743
_dAUTHORITY
_c202005070743
_dVLOAD
040 _aSNK
_bslo
_cSNK
_dSVKBB
_dSNK
_eAACR2
041 1 _aslo
_hger
044 _axo
_cSK
072 7 _a64
_xDomáce hospodárstvo
_2konspekt
080 _a64
_22011
080 _a64.066
_22011
080 _a(035)
_22011
100 1 _aKanbay, Feryal
_4aut
240 1 0 _aGeniale Tipps und Tricks für ihr Zuhause
_lSlovensky
245 1 0 _aGeniálne tipy a triky pre váš domov
_bs nami ušetríte čas, peniaze, námahu
_c[autori: Feryal Kanbay, Rainer Köthe, Heike Renwrantz ; z nemeckého originálu preložila Katarína Bobríková]
250 _a1. vyd.
260 _aBratislava
_bTarsago Slovensko
_c2016
300 _a320 s.
_bfareb. fotogr.
_c26 cm
490 1 _aReader's Digest
500 _aPreložené z nemčiny
650 0 7 _adomáce hospodárstvo
_2SNKPH
650 0 7 _aHome economics
_2SNKPHeng
650 0 7 _aúsporné opatrenia v domácnosti
_2SNKPH
650 0 7 _aSaving measures in households
_2SNKPHeng
655 7 _apríručky
_2SNKPH
655 7 _aHandbooks, manuals, etc.
_2SNKPHeng
700 1 _aKöthe, Rainer,
_d1948-
_4aut
700 1 _aRenwrantz, Heike
_4aut
700 1 _aBobríková, Katarína
_4trl
830 0 _aReader's Digest
910 _asnk
910 _asavuk
942 _2ddc
_cOLDO
_n0
949 _6270001000533768
_asvkbbC 61809
_bsvkbbm 766118
949 _617A1219502
_asnkSB 91072
_bsnk2017/488
_o2781/16
_s6100:20170222
949 _62889320485
_asavukPV 23245
_bsavuk2017/237
949 _617A1253039
_asnkSB 91072 D1
_bsnk2017/4440
_o2781/16
949 _6273K0626633
_asvkpoC 58788
_bsvkpo623964
999 _c22359
_d22359